000 00374pab a2200145 454500
008 180718b1987 xxu||||| |||| 00| 0 eng d
100 _aBashar, A.M.M. Khairul
245 _aArtificial intellegence and future executives
260 _c1987
300 _a53-61
362 _aApr.-June
650 _aComputers - Bangladesh
773 _aManagement Development
909 _a6400
999 _c6400
_d6400